000 00501nam a22001457a 4500
027 _qHard Cover.
040 _cSINES-NUST,
082 _a570.2
_bZAF
100 _aBeenish Zafar.
_998332
245 _aInvestigation on the Rationale behind Molybdenum Cofactor Deficiency (MoCD) Type-A using Molecular Docking and Molecular Dynamics(MD) approach /
_cZafar, Beenish
260 _aIslamabad:
_bSINES-NUST,
_c2022.
300 _a84 p. :
_bill. ;
_c30cm.
650 _xMS-Bioinformatics.
942 _2ddc
_cTHE
999 _c591265
_d591265